000 00394nam a2200157Ia 4500
008 231217s9999 xx 000 0 und d
020 _a8178815613
041 _aEnglish
082 _a650 SUR;1 R
100 _aSuresh, K ed.
245 0 _aBusiness ethics : perspectives and cases
260 _c2005
_bIcfai
_aHyderabad
300 _aviii, 189
650 _aBusiness,ethics
942 _cAA
999 _c188858
_d188858